000 00269nam a2200109Ia 4500
008 220204s9999 xx 000 0 und d
082 _a82-3
_bSAN
100 _aSanders, Lawrence
245 4 _aThe Seduction of Peter S
260 _aGreat Britain
_bCox
_c1983
942 _cBK
999 _c38751
_d38751